| 000 | 00432nam a2200193Ia 4500 | ||
|---|---|---|---|
| 008 | 151121s9999||||xx |||||||||||||| ||und|| | ||
| 082 | _a320।533/ROY | ||
| 082 | _bHNW-2881 | ||
| 100 | _aRoy M।N। | ||
| 245 | _aFascism | ||
| 260 | _b"D।M।Library, Cacutta।" | ||
| 260 | _c-- | ||
| 300 | _a153 | ||
| 600 | _aRoy M।N। | ||
| 630 | _aFascism | ||
| 700 | _aRoy M।N। | ||
| 730 | _aFascism | ||
| 942 | _cBOOK | ||
| 999 |
_c1211684 _d1211681 |
||